| 000 | 00857nab a2200253 u 4500 | ||
|---|---|---|---|
| 001 | 21069 | ||
| 003 | HDC | ||
| 007 | cr bn ---aaaaa | ||
| 008 | 210307c |r|noo 0 a d | ||
| 040 | _aHDC | ||
| 100 |
_aRegalado, Edith, _eauthor _918760 |
||
| 245 | 0 |
_aPHILIPPINES SEEKS BRUNEI'S HELP TO DEVELOP HALAL INDUSTRY / _cby Edith Regalado |
|
| 260 |
_a[No place] : _b[publisher not identified], _c2016 |
||
| 336 |
_atext _2rdacontent |
||
| 337 |
_acomputer _2rdamedia |
||
| 338 |
_aonline resource _2rdacarrier |
||
| 650 |
_aHalal certificate _9482 |
||
| 650 |
_aHalal industry _9144 |
||
| 710 | _aPHILSTAR | ||
| 856 | _zRequest full-text at [email protected] | ||
| 942 | _2lcc | ||
| 942 | _cNEWS | ||
| 942 | _kNWSO 010160 | ||
| 999 |
_c18385 _d18385 |
||